Ανδρέας Εμπειρίκος : σκοπός της ζωής μας είναι η αγάπη : εργοβιογραφία, ανθολογία, απαγγελία
Saved in:
| Main Author: | |
|---|---|
| Format: | Book |
| Language: | Greek |
| Published: |
Αθήνα :
Καθημερινή,
2014.
|
| Series: | Έλληνες ποιητές
|
| Subjects: | |
| Tags: |
Add Tag
No Tags, Be the first to tag this record!
|
MARC
| LEADER | 00000cam a2200000 a 4500 | ||
|---|---|---|---|
| 001 | 1/112643 | ||
| 008 | 170112t2014####gr | ||| |||| ||gre|| | ||
| 020 | |a 9789604759842 |q (Σκληρό εξώφυλλο) | ||
| 040 | |a GR-MyUa |b gre |c GR-MyUa |e AACR2 | ||
| 041 | 0 | |a gre | |
| 082 | 7 | |a 889.1 |2 (23) | |
| 100 | 1 | |a Εμπειρίκος, Ανδρέας, |d 1901-1975. | |
| 245 | 1 | 0 | |a Ανδρέας Εμπειρίκος : |b σκοπός της ζωής μας είναι η αγάπη : εργοβιογραφία, ανθολογία, απαγγελία / |c Ανδρέας Εμπειρίκος ; εισαγωγή - ανθολόγηση Παντελής Μπουκάλας. |
| 260 | |a Αθήνα : |b Καθημερινή, |c 2014. | ||
| 300 | |a 143 σ. ; |c 24Χ14 εκ. + |e 1 δίσκος κόμπακτ ; ψηφιακός, στέρεο ; 4 3/4 ιν. | ||
| 490 | 1 | |a Έλληνες ποιητές | |
| 500 | |a Εισαγωγή: Παντελής Μπουκάλας. Διανεμήθηκε δωρεάν μαζί με την εφημερίδα "Η Καθημερινή της Κυριακής" στις 20.4.2014. -- Περιέχει: CD "Ο Εμπειρίκος διαβάζει Εμπειρίκο". | ||
| 600 | 1 | 0 | |a Εμπειρίκος, Ανδρέας, |d 1901-1975. |
| 650 | 0 | |a Greek poetry, Modern. | |
| 700 | 1 | |a Μπουκάλας, Παντελής, |d 1957- |e oth | |
| 830 | 0 | |a Έλληνες ποιητές | |
| 852 | |a INST |b SAMOS |e 20170112 |h 889.1 ΕΜΠ |p 005300044144 |q 005300044144 |t BK |y 0 | ||
| 970 | |a Γουβάλα |b Βάσω |z 12-01-2017 | ||